000 00243nam a2200097Ia 4500
005 20250424112850.0
008 250424s9999 xx 000 0 und d
300 _avi, 22 p. :ill. 29 cm.
650 _aMedicine--Nigeria--Periodicals.
942 _cSR
999 _c37587
_d37587